000 01098nam a2200265 a 4500
008 111021s2007 ag ||||f |||| 001 0 spa d
020 _a9789876010252
041 _aspa
092 _c371.3
_l51
_sMEN
100 1 _aMena, Marta
_eComp.
_94161
245 _aConstruyendo la nueva agenda de la Educación a Distancia /
_cMarta Mena
250 _a1a ed.
260 _aBuenos Aires:
_bLa Crujia;
_c2007.
300 _a330 p.
_c22x16 cm.
500 _aMena, M. (2007). Construyendo la nueva agenda de la Educación a Distancia Marta Mena. (1a ed.). Buenos Aires : La Crujia.
590 _aDonación Sánchez, Susana. Mayo 2022
653 _aAgenda actual de la educación a distancia
653 _aAseguramiento de la calidad de la Educación Superior a Distancia
653 _aProcesos de acreditación en la Educación Virtual
653 _aTensión Globalizacion-Contextualización
653 _aImagen social de la Educación a Distancia
653 _aReconfiguración estructural de las instituciones de Educación a Distancia
653 _aNuevo modelos pedagógico
942 _2ddc
_cBK
999 _c3136
_d3136